00242nam a2200097Ia 4500100001600000250001300016942000700029245005800036260003100094999001900125 aScott Olson a2012 Ed. cBK aProfessional Cross- Platfoom Mobile Development in C# aWiley India Ltd. New Delhi c422224d422224